Top 15 Countries with Covid-19 Deaths - 9 February 2022 - Statistics

General Stats
  • This quiz has been taken 36 times
  • The average score is 14 of 26
Answer Stats
country % Correct
United States
100%
Italy
92%
France
89%
United Kingdom
89%
Germany
86%
India
86%
Mexico
86%
Brazil
83%
Russia
81%
Poland
69%
Argentina
64%
Peru
56%
Indonesia
53%
Colombia
50%
Iran
44%
Hungary
39%
Romania
33%
Czechia
31%
Slovakia
31%
Slovenia
28%
Bulgaria
25%
Croatia
19%
Bosnia and Herzegovina
14%
Lithuania
11%
Georgia
6%
North Macedonia
3%
No matching quizzes found
Score Distribution
Percent of People with Each Score
Percentile by Number Answered
Your Score History
You have not taken this quiz